Derbyshire Train Stations - Statistics

General Stats
  • This quiz has been taken 14 times
  • The average score is 14 of 35
Answer Stats
Answer % Correct
Matlock
100%
Chesterfield
85%
Belper
77%
Matlock Bath
77%
Long Eaton
62%
Buxton
54%
Cromford
54%
Ilkeston
54%
Whatstandwell
54%
Alfreton
46%
Ambergate
46%
Chapel-en-le-Frith
46%
Dronfield
46%
Hope
46%
Duffield
38%
Tutbury and Hatton
38%
Willington
38%
Edale
31%
Glossop
31%
Grindleford
31%
Hathersage
31%
New Mills Central
31%
Bamford
23%
Chinley
23%
Dove Holes
23%
New Mills Newtown
23%
Shirebrook
23%
Whaley Bridge
23%
Creswell
15%
Dinting
15%
Furness Vale
15%
Hadfield
15%
Langley Mill
15%
Langwith-Whaley Thorns
15%
Whitwell
15%
No matching quizzes found
Score Distribution
Percent of People with Each Score
Percentile by Number Answered
Your Score History
You have not taken this quiz